বন্দে আলী মিয়ার সাহিত্যকর্মে সমকালীন সমাজ / (Record no. 81785)
[ view plain ]
| 000 -LEADER | |
|---|---|
| fixed length control field | 01806nam a2200289 a 4500 |
| 001 - CONTROL NUMBER | |
| RUCL Control Number | 81785 |
| 003 - CONTROL NUMBER IDENTIFIER | |
| rucl marc code | BD-RjUL |
| 005 - DATE AND TIME OF LATEST TRANSACTION | |
| control field | 20250720144114.0 |
| 008 - FIXED-LENGTH DATA ELEMENTS--GENERAL INFORMATION | |
| fixed length control field | 230827s2021 bg ||||| m||| 00| 0 ben d |
| 035 ## - SYSTEM CONTROL NUMBER | |
| system control number | (BD-RjUL)81785 |
| 040 ## - CATALOGING SOURCE | |
| Original cataloging agency | BD-RjUL |
| Language of cataloging | ben/eng |
| Transcribing agency | BD-RjUL |
| Modifying agency | BD-RjUL |
| 041 ## - LANGUAGE CODE | |
| Language code of Book | ben |
| 082 ## - DEWEY DECIMAL CLASSIFICATION NUMBER | |
| DDC Edition number | 23 |
| Classification number | 891.44092 |
| Author mark and Year | AMB 2021 |
| 100 ## - MAIN ENTRY--PERSONAL NAME | |
| Personal name | আমিন, মো: রুহুল |
| 245 10 - TITLE STATEMENT | |
| Title | বন্দে আলী মিয়ার সাহিত্যকর্মে সমকালীন সমাজ / |
| Statement of responsibility, etc | মো: রুহুল আমিন |
| Name of Supervisor/Co-Supervisor | তত্তাবধায়ক : স্বরোচিষ সরকার |
| 246 ## - VARYING FORM OF TITLE | |
| Title proper/short title | Contemporary society in literary works of Bande Ali Mia / |
| 260 ## - PUBLICATION, DISTRIBUTION, ETC. (IMPRINT) | |
| Place of publication, distribution, etc | রাজশাহী : |
| Name of publisher, distributor, etc | ইনস্টিটিউট অব বাংলাদেশ স্টাডিজ বিভাগ, রাজশাহী বিশ্ববিদ্যালয়, |
| Date of publication, distribution, etc | ২০২১ |
| 300 ## - PHYSICAL DESCRIPTION | |
| Pagination | ঊ, [১], ১৬৩ পাতা ; |
| Dimensions | ২৯ সেমি. |
| 502 ## - DISSERTATION NOTE | |
| Dissertation note | থিসিস(এম.ফিল)-- ইনস্টিটিউট অব বাংলাদেশ স্টাডিজ, রাজশাহী বিশ্ববিদ্যালয়,২০২১ |
| 504 ## - BIBLIOGRAPHY, ETC. NOTE | |
| Bibliography, etc | গ্রন্থপঞ্জি : পাতা ১৩৮-১৪২ |
| 600 ## - SUBJECT ADDED ENTRY--PERSONAL NAME | |
| Personal name | মিয়া, বন্দে আলী |
| Dates associated with a name | ১৯০৬-১৯৭৯ |
| General subdivision | সমালোচনা ও ব্যাখা |
| -- | 8619 |
| Personal name | Mia, Bande Ali |
| Dates associated with a name | 1906-1979 |
| General subdivision | Criticism and Interpretation |
| -- | 8620 |
| 650 ## - SUBJECT ADDED ENTRY--TOPICAL TERM | |
| Topical term or geographic name as entry element | বাংলা সাহিত্য |
| General subdivision | ইতিহাস ও সমালোচনা |
| Topical term or geographic name as entry element | Bengali Literature |
| General subdivision | History & Criticism |
| 9 (RLIN) | 3020 |
| 700 ## - ADDED ENTRY--SUPERVISOR/CO-SUPERVISOR NAME | |
| Personal name | সরকার, স্বরোচিষ, তত্তাবধায়ক |
| 9 (RLIN) | 8621 |
| 942 ## - ADDED ENTRY ELEMENTS (KOHA) | |
| Source of classification or shelving scheme | Dewey Decimal Classification |
| Koha item type | Theses |
| Source of classification or shelving scheme | Damaged status | Not for loan | Collection code | Permanent Location | Current Location | Shelving location | Date of accession | Source of acquisition | Total Checkouts | Full call number | Barcode | Date last seen | Copy number | Thesis |
|---|---|---|---|---|---|---|---|---|---|---|---|---|---|---|
| Dewey Decimal Classification | Not For Loan | Theses | Central Library, University of Rajshahi | Central Library, University of Rajshahi | Documentation Section | 28/03/2023 | Controller of Exam. R.U. | BTHE 891.44092 AMB 2021 | D4786 | 27/08/2023 | C-1 | Theses |